Tranh luận văn nghệ thế kỷ XX : Sách tham khảo. t.I, Tranh luận về Quốc học, Tranh luận về Truyện Kiều, Tranh luận về Duy tâm hay Duy vật /
Đã lưu trong:
| Formáid: | Sách giấy |
|---|---|
| Teanga: | Vietnamese |
| Foilsithe: |
H. :
Lao động,
2003
|
| Ábhair: | |
| Clibeanna: |
Cuir Clib Leis
Gan Chlibeanna, Bí ar an gcéad duine leis an taifead seo a chlibeáil!
|
| Thư viện lưu trữ: | Thư viện Trường Đại học Đà Lạt |
|---|
| LEADER | 00849nam a2200289 4500 | ||
|---|---|---|---|
| 001 | DLU030023687 | ||
| 003 | ##DLU | ||
| 005 | ##20021230 | ||
| 008 | ##021230t vn z000 vie d | ||
| 040 | # | # | |a DLU |b vie |
| 041 | # | # | |a vie |
| 044 | # | # | |a vn |
| 082 | # | # | |a 801.93 |b Tra |
| 245 | # | # | |a Tranh luận văn nghệ thế kỷ XX : |b Sách tham khảo. |n t.I, |p Tranh luận về Quốc học, Tranh luận về Truyện Kiều, Tranh luận về Duy tâm hay Duy vật / |c Nguyễn Ngọc Thiện biên soạn, sưu tầm |
| 260 | # | # | |a H. : |b Lao động, |c 2003 |
| 300 | # | # | |a 1047 tr. ; |c 21 cm |
| 653 | # | # | |a Lý luận văn học |
| 990 | # | # | |a t. I |
| 992 | # | # | |a 220000 |
| 994 | # | # | |a DLU |
| 900 | # | # | |a True |
| 911 | # | # | |a Phan Ngọc Đông |
| 925 | # | # | |a G |
| 926 | # | # | |a A |
| 927 | # | # | |a SH |
| 980 | # | # | |a Thư viện Trường Đại học Đà Lạt |